01937nam a2200349 a 450000100100000000500170001000800410002702000150006804000250008308200200010810000460012824502140017426000600038830000360044849000180048450000340050250400730053650400320060965100750064165100680071670000440078470000370082883000240086591000370088904900100092695201320093695201320106895201320120095201170133295201230144999900150157200000270420240409180111.0090703s2005 dr 000 0 spa d a9993481343 aDO-SdBNPbspacBNPHU a972.9304bG643u1 aGonzález Calleja, Eduardo,d1962-9853510aUna cuestión de honor :bla polémica sobre la anexión de Santo Domingo vista desde España (1861-1865) /cEduardo González Calleja, Antonio Fontecha Pedraza ; presentación Manuel García Arévalo. aSanto Domingo :bFundación García Arévalo,c2005. a279 p. :bil., retrs. ;c23 cm.1 aDocumentalv5 aIncluye índice onomástico aIncluye referencias bibliográficas y notas al pie de las páginas aBibliografía : p. 247-253 4aRepública DominicanaxHistoriayANEXIÓN A ESPAÑA, 1861-18659139 0aREPÚBLICA DOMINICANAxHISTORIAyRESTAURACIÓN 1863-186598961 aFontecha Pedraza, Antonio,d1961-985361 aGarcía Arávelo, Manuel98537 0aDocumentaln598538 aValidado. Control de calidad MFF aBNPHD 001054708DSaGRbGRcHDd2010-02-05iLF1l0o972.9304 G643up2704-30r2020-06-25te. 3w2020-06-25yLFDSZPréstamo en sala 001054708DSaGRbGRcHDd2010-02-05iLF1l0o972.9304 G643up2704-40r2020-06-25te. 4w2020-06-25yLFDSZPréstamo en sala 001054708DSaGRbGRcHDd2010-02-05iLF1l0o972.9304 G643up2704-50r2020-06-25te. 5w2020-06-25yLFDSZPréstamo en sala 0010718PDaPDbPDcHDd2009-07-03iLF1l0o972.9304 G643up2704-10r2020-06-25w2020-06-25yLFPDZNo se presta 0010718PDaPDbPDcHDd2010-02-05iLF1l0o972.9304 G643up2704-20r2020-06-25te. 2w2020-06-25yLFPDZNo se presta c2540d2540